Bullarium Romanum, seu, Novissima et accuratissima Collectio Apostolicarum Constitutionum ex autographis, quae in secretiori Vaticano aliisque Sedis Apostolicae Scrinis asservantur cum rubricis, summariis, scholiis, et indice quadruplici

Detalles Bibliográficos
Formato: Libro
Lenguaje:Undetermined
Latin
Publicado: Romae : typis & expensis Hieronymi Mainardi, 1733-1744.
Materias:
Colección:Banco de datos
Acervo:Biblioteca Palafoxiana. Colección bibliográfica
Descripción Física:t. ; f°
Tema general:Pontífices
Notas:Incluye frontispicio. Número de localización: t.7 (9906) ; t.8 (9907) ; t.10, v.1 (9908) ; t.11, v.2 (9909) ; t.12 (9910) ; t.13 (9911) ; t.14 (9912)
LEADER 00800nam a2200157Ia 4500
008 150723s9999 xx 000 0 und d
041 0 |a lat 
050 0 |a PAFX BX2030 B8 
245 1 0 |a Bullarium Romanum, seu, Novissima et accuratissima Collectio Apostolicarum Constitutionum ex autographis, quae in secretiori Vaticano aliisque Sedis Apostolicae Scrinis asservantur cum rubricis, summariis, scholiis, et indice quadruplici 
260 |a Romae : typis & expensis Hieronymi Mainardi, 1733-1744. 
300 |a t. ; f° 
500 |a Incluye frontispicio. Número de localización: t.7 (9906) ; t.8 (9907) ; t.10, v.1 (9908) ; t.11, v.2 (9909) ; t.12 (9910) ; t.13 (9911) ; t.14 (9912) 
650 1 0 |a Pontífices 
942 |c PALALIB 
943 |g Biblioteca Palafoxiana. Colección bibliográfica 
999 |c 1057598  |d 1057598